000 00759 a2200205 4500
010 _aENG-89168
020 _a9788178298306
_c495.00
035 _aEN-72701
037 _bDBAD / PUB
082 1 4 _a320.80954
090 _c10440
_d10440
100 _aWidmalm, Sten
245 1 _aDecentralisation, corruption and social capital :
_cby Sten Widmalm
_bfrom India to the West /
260 _aNew Delhi
_bSage Publications
_c2008
270 _aB1/11, Mohan Cooperative Industrial Area, Mathura Road
_bNew Delhi
_e110 044
300 _a229p.
_c21cm (Hb )
500 _aIncludes bibliographical references and index
942 _adpl
_cEN
_k320.80954 / WID
999 _c10176
_d10176